LEADER 00848nam a2200193 i 4500 001 000000250812 003 CaOOAMICUS 005 20160823000000.0 008 160823s1829 it u000 u fre u 013 $a229717 026 $aesre 3.2, s?es Led' (3) 1829 (R) 040 $aSeMil$bita 245 10$aTome 2. 300 $a[4], 399, [1] p. 773 0 $aRaynouard, François Juste Marie$tHistoire du droit municipal en France, sous la domination romaine et sous les trois dynasties. Par m. Raynouard ... Tome 1. [-2.].$dParis : A. Sautelet et Cie, libraires, rue de Richelieu, n. 14 : Alexandre Mesnier, libraire, place de la Bourse, 1829.$g2$w()8627 850 $aSeMil 852 $aSeMil$W1$xVenegono$y1$m3L II 31 FA$j201158$B201158$CSeMilBibl$Z2$F212913 $8I 961 $aRecupero: Mantegazza 996 $6245$aTome 2$9(OLS)http://semarc/title/1533 LEADER 00974nam a2200241 i 4500 001 000000250799 003 CaOOAMICUS 005 20160822000000.0 008 160822s1869 it u000 u ita u 013 $a229704 040 $aSeMil$bita 245 10$aCodice di procedura civile del Regno d'Italia, con copioso indice alfabetico-analitico. 250 $aEdizione esattamente riscontrata sull'ufficiale. 260 $aMilano :$bFrancesco Pagnoni,$c1869. 300 $a367 p. ;$c16 cm. 500 $aLascito Card. C.M. Martini. 710 2 $aItalia.$0(OLS)http://semarc/name/915 850 $aSeMil 852 $aSeMil$W1$xVenegono$y1$m3L II 14 FA$j201145$B201145$CSeMilBibl$Z2$F212901 $8I 941 1 $a4 961 $aLascito: Martini Card. Carlo Maria 996 $6245$aCodice di procedura civile del Regno d'Italia, con copioso indice alfabetico-analitico$9(OLS)http://semarc/title/352962 996 $6260$aMilano :$bFrancesco Pagnoni$9(OLS)http://semarc/publisher/29930